| 000 | 01019nam a2200253Ia 4500 | ||
|---|---|---|---|
| 003 | IN-BaIIA | ||
| 008 | 211028s9999 xx 000 0 eng d | ||
| 020 | _a0-7923-2523-0 | ||
| 040 | _cIIA Library | ||
| 080 |
_a082.2:52 _bIAU-S154 |
||
| 111 |
_aSymposium of the International Astronomical Union _cU.S.A. _d1992 Mar. 2-6 _918773 |
||
| 245 | 0 |
_aInfrared solar physics _bproceedings of the 154th symposium of the International Astronomical Union held in Tucson, Arizona, U.S.A. March 2-6,1992 _cedited by D. M. Rabin, Jefferies J. T. and C. Lindsey |
|
| 260 |
_aDordrecht _bKluwer Academic _c1994 |
||
| 300 | _axvii, 608p. | ||
| 490 | _aIAU symposium; no. 154 | ||
| 650 | _aAstronomy and Astrophysics thesaurus | ||
| 650 |
_aInfrared astronomy _95673 |
||
| 650 | _aSolar physics | ||
| 700 |
_aJefferies, J. T., ed _918774 |
||
| 700 |
_aLindsey, C., ed. _918775 |
||
| 700 |
_aRabin, D. M., ed _918776 |
||
| 710 | _aInternational Astronomical Union | ||
| 942 | _cBK | ||
| 999 |
_c10989 _d10989 |
||